Gaming Quiz

Random Gaming or German Quiz
Score 0/38 Timer 08:00
0 Plays Today
building % Correct
Bäckerei
100%
Bauernhof
100%
Bogenschnitzerei
100%
Brauerei
100%
Dreifamilienhaus
100%
Eisenmine
100%
Goldmine
100%
Goldschmiede
100%
Jägerzelt
100%
Lagerhaus
100%
Kaserne
100%
Lederschneiderei
100%
Lehmarbeiterzelt
100%
Mühle
100%
Obstfarm
100%
Pilzsammlerhütte
100%
Rüstungsschmiede
100%
Schäferhütte
100%
Schusterei
100%
building % Correct
Schwertschmiede
100%
Speermacherei
100%
Tempel
100%
Vorratszelt
100%
Webstube
100%
Werkzeugschmiede
100%
Werkzeugschreinerei
100%
Wohnzelt
100%
Zweifamilienhaus
100%
Brunnen
88.9%
Eisenschmelze
88.9%
Fischerzelt
88.9%
Hauptlager
88.9%
Möbelwerkstatt
88.9%
Töpferei
88.9%
Schule
77.8%
Steinmetzzelt
77.8%
Verteidigungsturm
77.8%
Holzfällerzelt
66.7%
Remove Ads.
Support Sporcle.
Get the best of Sporcle when you Go Orange. This ad-free experience offers more features, more stats, and more fun while also helping to support Sporcle. Thank you for becoming a member.

You're not logged in!

Compare scores with friends on all Sporcle quizzes.
OR
Log In

Show Comments

Extras

Created Jan 1, 2013ReportNominate
Tags:German Quiz, Building, culture

Top Quizzes Today


Score Distribution

Your Account Isn't Verified!

In order to create a playlist on Sporcle, you need to verify the email address you used during registration. Go to your Sporcle Settings to finish the process.

Report this User

Report this user for behavior that violates our Community Guidelines.

Details: